000 00678nam a2200289Ia 4500
005 20260324132249.0
008 008 260324s9999 xx 000 0 eng d
020 _a9780203479285
037 _aEBOOK
040 _aCRL
040 _beng
040 _cCRL
041 _2eng
041 _aeng
084 _qCRL
100 _aNelly Lahoud
_91188623
245 0 _aPolitical Thought in Islam
245 2 _bA Study in Intellectual Boundaries
260 _bTaylor and Francis
260 _c2005
365 _a
365 _b240
856 _uhttp://www.taylorfrancis.com/books/9780203479285
942 _cEBOOK
999 _c1786592
_d1786592